| 000 | 00670nam a22002297a 4500 | ||
|---|---|---|---|
| 999 |
_c34109 _d34109 |
||
| 001 | 3444 | ||
| 003 | CO-MdFUSB | ||
| 005 | 20180622073136.0 | ||
| 008 | 180511t1941 xxu||||| |||| 00| 0 eng d | ||
| 040 |
_aCO-MdFUSB _bspa _cCO-MdFUSB _dCO-MdFUSBC _erda |
||
| 041 | 0 | _aeng | |
| 082 | 0 | 4 | _aG 230 M1533q |
| 100 | 1 |
_aMackay, Juan A. (Alexander) (1889-) _eautor |
|
| 245 | 2 |
_aA preface christian theology _c / john A. Mackay |
|
| 264 | 4 |
_aNew York., USA : _bMacMillan, _c©1941 |
|
| 300 | _a187 Pag | ||
| 336 |
_2rdacontent _atexto _btxt |
||
| 337 |
_2rdamedia _asin mediación _bn |
||
| 338 |
_2rdacarrier _avolumen _bnc |
||
| 650 | 0 |
_aFilosofía cristiana _91056 |
|
| 942 | _cBK | ||